| 000 | 00596nam a2200181Ia 4500 | ||
|---|---|---|---|
| 003 | GCL | ||
| 008 | 140319s9999 xx 000 0 ara d | ||
| 040 |
_aGCL / _cGCL |
||
| 082 | 0 | 4 |
_a334.09 _bا ط |
| 100 | 1 | _aاحمد على دغيم | |
| 245 | 1 | 0 |
_aالطريق الى المعجزة الاقتصادية وتحول الدول النامية الى دول متقدمة / _cاحمد على دغيم |
| 300 | _a326 ص | ||
| 490 |
_a100 قصة _v0 |
||
| 650 | 0 | 4 | _aالاقتصاد |
| 650 | 0 | 4 | _aالتنمية الاقتصادية |
| 650 | 0 | 4 | _aالاقتصاد العربى |
| 942 |
_2ddc _cBK |
||
| 999 |
_c44129 _d44129 |
||